000 00727cam a2200181 4500
001 WS125631
008 040329n 000 0 eng u
035 _a(Sirsi) u125631
110 _aRoyal Incorporation of Architects In Scotland
_92351
245 _aRoyal Incorporation of Architects In Scotland
520 _aWeb site for this professional body for chartered architects in Scotland. Includes news, links to their journal 'Chartered Architect', an online directory of members and details of publications.
650 _aORGANISATION
650 _aSCOTLAND
650 _aARCHITECTS
690 _aBUILT ENVIRONMENT
856 4 0 _uhttps://www.rias.org.uk
_zView the documente free of charge at www.rias.org.uk
942 _n0
999 _c120421
_d120421